[Event "CB-Emu swiss"]
[Site "?"]
[Date "2017.03.29"]
[Round "2"]
[White "Chess 2001, CXG."]
[Black "Chess Champion Pocket Chess, Novag"]
[Result "1-0"]
[WhiteElo "1650"]
[BlackElo "1100"]
[Annotator "Houdini 4 Pro w32 4core (60s)"]
[PlyCount "37"]
[EventDate "2017.??.??"]

{D00: Damenbauernspiele} 1. d4 d5 2. Nf3 Nc6 3. Nc3 Nf6 {sieht aus wie ein
Vierspringerspiel mit Damenbauern...} 4. e3 {hier endet die Wissensdatenbank
des CXG. Der Pocket Chess spielt sowieso ohne Bibliothek} Bf5 5. Bb5 a6 6.
Bxc6+ bxc6 {Korrigiere... Spanische Abtauschvariante mit Damenbauern... :-)} 7.
Ne5 (7. O-O e6 8. Bd2 Bd6 9. a3 O-O 10. a4 Ne4 11. Be1 Qf6 12. Qd3 Ng3 13. e4
dxe4 14. Qe3 Nxf1 15. Qg5 exf3 16. Qxf6 gxf6 17. Kxf1 fxg2+ 18. Kxg2 Bxc2 19.
Bd2 Kh8 20. Rc1 Rg8+ 21. Kf1 Bd3+ {Yandiswa,M-Tibinyane,E Durban 2014 0-1})
7... Qd6 8. g4 $146 (8. Ng4 Bxg4 9. f3 Bh5 10. g4 Bg6 11. g5 Nd7 12. O-O h6 13.
f4 hxg5 14. Qg4 gxf4 15. exf4 Nf6 16. Qg5 Rh5 17. Qg3 Ne4 18. Nxe4 Bxe4 19. Qg4
Rh6 20. Re1 Rg6 21. Qxg6 Qxg6+ 22. Kf2 Qg2+ {Gezels,S-Gelagaev,B (1401)
Worriken Buetgenbach 2004 1-0}) (8. Qf3 Bxc2 9. Qe2 Bg6 10. O-O e6 11. Re1 Be7
12. f3 c5 13. Nxg6 hxg6 14. h3 cxd4 15. exd4 Qg3 16. Kf1 c5 17. Be3 cxd4 18.
Bxd4 Nh5 19. Nxd5 Qd6 20. Qe5 Qxd5 21. b4 Qb5+ 22. Qxb5+ axb5 {Gann,C-Li,S
Victoria 2005 0-1 (52)}) (8. O-O Bg6 9. e4 Bh5 10. f3 Nd7 11. Bf4 e6 12. Qd2
Be7 13. Bg3 Bf6 14. Ne2 Nxe5 15. dxe5 Bxe5 16. Bxe5 Qxe5 17. Nd4 O-O 18. Rab1
Qf6 19. Nxc6 e5 20. Qxd5 Rae8 21. Rbd1 Re6 22. Na5 Qh4 {Fischer,T-Meusel,L
Osterode 1995 0-1 (35)}) (8. b3 e6 $11) 8... Be6 (8... Bc8 9. b3 $11) 9. a4 (9.
f4 $142 $11) 9... O-O-O $4 {Die lange Rochade ist wegen der aufgerissenen
Bauernstruktur ein Risiko. Besser 9. ...c5.} (9... Nd7 $142 {und Schwarz
spielt mit} 10. f4 Nxe5 11. fxe5 Qd7 $15) 10. Qe2 Kb7 11. b3 {viel zu harmlos.
Zweifellos angebrachter war 11. f4} Ne4 $4 {Ein Fehler der Weiss sofort in
Vorteil bringten würde...} (11... Qb4 $5 12. Bd2 Qd6 $16) 12. Nxe4 $2 {
... wenn Weiss 12. La3 gesehen hätte.} (12. Ba3 $142 {und Schwarz kann direkt
aufgeben} Nxc3 13. Qd3 $18) 12... dxe4 13. Ba3 {zu spät! Nun kann die Dame
ausweichen...} Qd5 14. Qd2 (14. b4 $142 Bd7 15. b5 cxb5 16. axb5 Qxb5 17. Qxb5+
axb5 18. Nxf7 $18) 14... Re8 $4 {Was für einen Sinn soll es haben, den Turm
von der Linie zu ziehen? Besser war Ld7.} (14... Bd7 $142 $16) 15. c4 $18 Qd8
16. Qb4+ Ka8 17. Qc5 {Der CXG gibt dem Schwarzen keine Zeit zur Entwicklung
und geht direkt auf den König los.} (17. Nxc6 $6 {ist naheliegend und schlecht}
Qd6 $16) 17... Qd6 $4 {Wieder ein böser Fehler, der nun die Dame und damit die
Partie kostet. (18. ...Dd8 19. Dxa6+ Kb8 20. Sxc6 matt)} (17... Qc8 {ist
vielleicht ein Schwindelversuch} 18. Qxc6+ Kb8 $18) 18. Qa5 Kb7 19. Bxd6 (19.
Bxd6 exd6 20. Qb4+ Ka8 21. Nxc6 $18) 1-0

[Event "CB-Emu swiss"]
[Site "?"]
[Date "2017.03.29"]
[Round "2"]
[White "Chess Challenger Voice Advanc, Fidelity"]
[Black "Champion Sensory Chess Challe, Fidelity"]
[Result "0-1"]
[WhiteElo "1265"]
[BlackElo "1650"]
[Annotator "Komodo 10.3 32-bit (60s)"]
[PlyCount "98"]
[EventDate "2017.??.??"]

{D34: Damengambit (Tarrasch-Verteidigung, Hauptvariante)} 1. d4 d5 2. c4 e6 3.
Nc3 c5 4. cxd5 exd5 5. Nf3 Nc6 6. g3 Nf6 7. Bg2 Be7 8. O-O O-O 9. dxc5 Bxc5 10.
a3 {Der Sensory muss nun rechnen...} Bf5 (10... a6 11. b4 Be7 12. Bb2 Re8 13.
h3 b5 14. e3 Bb7 15. Qd3 a5 16. Qxb5 Qc8 17. Rfc1 Bd6 18. Na4 {1-0 (18) Safin,
S (2512)-Iuldachev,S (2509) Sangli 2000}) (10... h6 11. b4 Be7 12. Bb2 Bf5 13.
Nd4 Bh7 14. Nb3 d4 15. Na4 d3 16. Nac5 a5 17. b5 Qb6 18. bxc6 Bxc5 19. Nxc5
Qxb2 20. Nxd3 Bxd3 21. cxb7 Bxe2 22. bxa8=Q Bxd1 23. Qxa5 Qxa1 24. Bf3 Rc8 25.
Rxd1 {Stella,A (2455)-Gavasheli,A (2203) Figueira da Foz POR 2016 1-0 (45)})
11. b4 {und auch der alte Voice ist aus dem Buch.} Bb6 $146 {Schwarz hat eine
aktive Stellung} (11... Be7 12. Bb2 Rc8 (12... Qd6 13. Rc1 Rfd8 14. Nb5 Qd7 15.
Nfd4 Nxd4 16. Nxd4 Be4 17. f3 Bg6 18. Nb3 b6 19. Nd4 Rac8 20. Qb3 h5 21. Rxc8
Rxc8 22. Rc1 Rxc1+ 23. Bxc1 Ne8 24. e3 Bf6 25. Bf1 Nc7 26. Qc3 h4 27. Qc6 {
Prochnow,M-Efler,L (2290) Stockerau 1992 1-0 (66)}) 13. Nd4 Bg4 14. Rc1 Qd7 15.
Nxc6 bxc6 16. Na4 Qe6 17. Re1 Rfd8 18. Qd4 Ne8 19. Nc5 Qg6 20. Nd3 Bf6 21. Qxa7
Bxb2 22. Nxb2 Qf6 23. Nd3 Nd6 24. Qa4 Nb5 25. Qb3 Ra8 26. a4 {Shumiakina,T 
(2334)-Azimova,K (1941) St Petersburg 2009 1-0 (86)}) (11... Be7 12. Bb2 $14)
12. Bg5 d4 13. Nb5 $4 {Tja, der hätte wohl nach a4 gehört. Nun geht er
leider über den Styx....} (13. Na4 $142 $5 {ist interessant} h6 14. Bxf6 Qxf6
15. b5 $14) 13... d3 $4 {Leider auch nicht besser... nach 13. ...a6 wäre der
Springer weggewesen. Und das bei Tiefe 7. Unverständlich. danach kann Schwarz
alle Träume begraben} (13... a6 $142 {gibt noch größeren Vorteil} 14. Nbxd4
Nxd4 15. Nxd4 Bxd4 $19) 14. Bxf6 (14. Nc3 $5 {sieht gut aus} h6 15. Bxf6 Qxf6
16. Nd5 $15) 14... Qxf6 $17 15. Nh4 Bg4 (15... Rad8 $5 16. Nxf5 Qxf5 $17) 16.
Qxd3 Bxf2+ {Ablenkung: a1} 17. Kh1 (17. Rxf2 Qxa1+ {Überlastung Ablenkung})
17... Rad8 18. Qe4 h5 19. Bf3 (19. Qc2 $5 {muss beachtet werden} Qe5 20. Nf3
Bxf3 21. Bxf3 $17) 19... Rfe8 $17 20. Qc4 $2 (20. Qc2 Qe5 21. Bxg4 hxg4 22. Qf5
Qxf5 23. Nxf5 Rxe2 24. Nc3 $17) 20... Bh3 (20... Ne5 $142 {ist der schnellste
Weg} 21. Qf4 Qb6 22. Bxg4 Be3 $19) 21. Bg2 (21. Nc7 Bxf1 22. Rxf1 Re5 $17)
21... Ne5 (21... Bg4 22. Nf3 Bb6 $17) 22. Qc7 $2 (22. Qc3 $142 $5 Rc8 23. Qb3
$17) 22... Bxg2+ $19 23. Nxg2 Rd7 (23... a6 24. Nc3 Rd7 25. Ne4 $19) 24. Qc2 (
24. Qc1 Qb6 25. a4 Ng4 $19) 24... Qb6 {Bisher hält sich der alte Voice
hervorragend.} (24... Ng4 $142 $5 25. Rad1 Rxd1 26. Qxd1 Qe5 $19) 25. Nc3 (25.
Rac1 Bxg3 26. Nc7 Ree7 $17) 25... Bd4 26. Na4 (26. e3 Bxe3 27. Rae1 Bd4 $17)
26... Qc6 (26... Qb5 $142 $5 27. Rad1 Ng4 $19) 27. Qxc6 $17 Nxc6 28. Rae1 (28.
Ra2 b5 29. Rc1 Nxb4 30. axb4 bxa4 $17) 28... b5 $17 29. e3 bxa4 30. exd4 Rxe1
31. Rxe1 g6 32. Re8+ (32. Ne3 $5 Rxd4 33. Rc1 $17) 32... Kg7 33. Nf4 Nxd4 34.
Re3 (34. Nd3 $142 $19) 34... Nb5 35. Kg2 Rd2+ 36. Kh3 Ra2 37. Nd5 (37. Re5 {
ändert den Lauf der Dinge nicht} a6 38. Rc5 Rxa3 $19) 37... Kf8 {muss ich
jetzt verstehen warum er nicht auf a3 schlägt?} (37... Rxa3 $142 $5 {und
Schwarz hätte es noch leichter} 38. Rxa3 Nxa3 39. Nc3 $19) 38. Rd3 (38. Nf6 Kg7
39. Ne4 Rxa3 40. Rxa3 Nxa3 $19) 38... Kg7 {er will nicht gewinnen, oder?} 39.
Re3 g5 {Ich hab das Gefühl, der Sensory spechtet auf einen Mattangriff. Naja,
Bauer f6, König auf g6 und Bauer g4 dürfte so der Plan ungefähr aussehen. Aber
Weiss darf ja auch noch ziehen...} 40. Rd3 f6 41. g4 {aus der Traum vom
einfachen Matt} (41. Ne3 {hilft allerdings auch nicht} Kg6 42. Rd5 a6 $19)
41... hxg4+ (41... Rxa3 $142 {sichert den Gewinn} 42. Rxa3 Nxa3 $19) 42. Kxg4
Nxa3 {Mei is des Leben schwer... vor allem wenn man selbst kräftig mithilft...}
(42... Rxa3 {damit würde Schwarz es sich noch erleichtern} 43. Rxa3 Nxa3 44.
Nc3 $19) 43. h4 (43. Rc3 Nb5 44. Rc5 a6 $19) 43... Nc4 44. Rd4 (44. Rc3 Ne5+
45. Kg3 $19) 44... Ne5+ 45. Kh5 (45. Kf5 {hätte noch versucht werden können}
Rf2+ 46. Ke4 gxh4 47. b5 Re2+ 48. Kf5 $19) 45... Rh2 46. b5 $2 {das geht
schief...} a3 47. Ra4 {Se3 hätte das ganze ja noch verzögert, aber jetzt geht
es fix den Bach runter...} Rxh4+ 48. Rxh4 gxh4 49. Ne7 (49. Nxf6 {nützt auch
nichts mehr} a2 50. Ng4 Ng6 51. Ne3 a1=Q 52. Kg4 Qd4+ 53. Kf3 Ne5+ 54. Ke2 Qd3+
55. Kf2 Qd2+ 56. Kg1 Qxe3+ 57. Kf1 Ng4 58. Kg2 Qg3+ 59. Kf1 Qf2#) 49... a2 {
Tja und das wars dann wohl. Aber der alte Voice hat sich erstaunlich lange
gehalten.. . . .} (49... a2 50. Kxh4 a1=Q 51. Nf5+ Kh7 52. Kg3 Qe1+ 53. Kh3
Qh1+ 54. Kg3 Qf3+ 55. Kh2 Ng4+ 56. Kg1 Qf2+ 57. Kh1 Qf1#) 0-1

[Event "CB-Emu swiss"]
[Site "?"]
[Date "2017.03.30"]
[Round "2"]
[White "Super 9 Sensory Chess Challen, Fidelity"]
[Black "Chess Challenger 10B, Fidelity"]
[Result "1-0"]
[WhiteElo "1740"]
[BlackElo "1275"]
[Annotator "Houdini 4 Pro w32 4core (60s)"]
[PlyCount "57"]
[EventDate "2017.??.??"]

{A16: Englische Eröffnung} 1. c4 Nf6 {Das geht ja gut los. Der 10B kennt die
Eröffnung 1. c4 nicht und beginnt sofortzu rechnen. Das kann ja heiter werden.}
2. Nc3 d5 3. cxd5 Nxd5 4. g3 Nc6 5. Bg2 Nxc3 (5... Nb6 6. Nf3 Bg4 7. d3 e6 8.
O-O Be7 9. a3 O-O 10. b4 Bf6 11. Bb2 Rb8 12. Qb3 Bxf3 13. Bxf3 Nd4 14. Qd1
Nxf3+ 15. exf3 Nd5 16. Qc2 Nxc3 17. Bxc3 c6 18. f4 Rc8 19. Rfd1 Bxc3 20. Qxc3 {
Alvarado Diaz,A (2181)-Stocek,J (2596) Benasque 2011 0-1 (47)}) 6. bxc3 e5 7.
d4 $146 (7. Rb1 Bc5 (7... Bd6 8. d3 O-O 9. Nf3 Rb8 10. O-O Be6 11. Qc2 h6 12.
e4 Qf6 13. Be3 Bg4 14. Nd2 Qe7 15. h3 Be6 16. d4 exd4 17. cxd4 Nb4 18. Qb2 Qd7
19. Kh2 Qa4 20. d5 Bd7 {1/2-1/2 (20) Boehle,L (2230)-Peterwitz,K (2091)
Hamburg 2010}) (7... Be7 8. d3 O-O 9. Nf3 Rb8 10. O-O Be6 11. Qa4 f5 12. Be3 a6
13. Rb2 Qd6 14. Rfb1 Bc8 15. Ng5 Nd8 16. Qc4+ Kh8 17. d4 f4 18. dxe5 Qxe5 19.
Bxf4 Qf5 20. e4 Qf6 21. Qxc7 Ra8 22. Rb6 {Mignone,M-Bonucci,R Italy 1997 0-1 
(39)}) 8. d3 O-O 9. Nf3 f5 10. Qb3+ Kh8 11. Ng5 Qf6 12. Bd5 Ne7 13. Nf7+ Kg8
14. Nxe5+ Nxd5 15. Qxd5+ Qe6 16. Qxc5 Re8 17. Qc4 Qxc4 18. Nxc4 Be6 19. Rxb7
Bd5 20. Rxc7 Bxh1 21. f3 Bxf3 {Heinrichs,V (1985)-Malatinszky,T (1489) Sao
Bernardo do Campo 2012 1-0 (34)}) (7. Nf3 $142 $5 $14 {ist eine Alternative})
7... exd4 $15 8. Bxc6+ bxc6 9. Qxd4 Be7 10. Nf3 (10. Qxg7 $4 {der kann
natürlich nicht genommen werden} Bf6 11. Qh6 Bxc3+ 12. Bd2 Bxa1 13. Qxc6+ Bd7
14. Qe4+ Kf8 $19) 10... O-O 11. Bf4 Bf6 12. Be5 Bh3 (12... Qxd4 $5 {muss
beachtet werden} 13. Bxd4 Be7 $15) 13. Bxf6 $14 Qxf6 14. Qxf6 gxf6 15. Rg1 Rad8
{Weiß kann weder kurz noch lang rochieren... Aber naja, Rochaden sind was
für Schwache...} 16. g4 f5 $4 (16... Kh8 $142 $14 {ist gerade noch spielbar})
17. gxf5+ $18 Kh8 18. Nd4 $2 {Besser war e4} (18. e4 $142 {sichert den Gewinn}
h5 19. Ng5 $18) 18... c5 $14 19. Nc6 Rd6 20. Nxa7 Rb8 21. e4 Ra6 (21... Rb2 $5
{kommt in Betracht} 22. Rg3 Rdd2 23. Rxh3 Rxf2 $11) 22. Rg3 $14 Bxf5 23. exf5
Rxa7 24. a4 Re8+ 25. Re3 Raa8 $4 (25... Rea8 $142 $5 $14 {ist erwägenswert})
26. a5 (26. Rxe8+ $142 {erleichterte Weiß die Gewinnführung} Rxe8+ 27. Kd2 $18)
26... Rxe3+ (26... Rec8 $142 $5 $16) 27. fxe3 $18 Ra6 28. Kf2 Rf6 $4 {Was für
ein grandioser Bock. Jetzt ist das Spiel vorbei, da der a-Bauer (oder die
umgewandelte Dame) allenfalls noch unter Turmopfer zu stoppen ist.. auch
bessere Züge hätten die Partie nicht gerettet.} (28... Kg7 $18) 29. a6 (29. a6
Rd6 30. a7 $18) 1-0

[Event "CB-Emu swiss"]
[Site "?"]
[Date "2017.03.30"]
[Round "2"]
[White "Chess Challenger 7B, Fidelity"]
[Black "Sensory 9 Playmatic S, Fidelity"]
[Result "0-1"]
[WhiteElo "1410"]
[BlackElo "1750"]
[Annotator "Komodo 10.3 32-bit (60s)"]
[PlyCount "96"]
[EventDate "2017.??.??"]

{A45: Damenbauernspiele (Trompowski-Angriff)} 1. d4 Nf6 {Tja, und was soll ich
sagen... der 7B rechnet bereits...} 2. Nc3 c5 3. dxc5 Qa5 {Moment mal Leute...
für die verrückten Eröffnungen bin hier ich zuständig... Man sollte es nicht
glauben, aber der Playmatic hatte das bis hierhin wirklich im Buch} 4. Qd4 (4.
Be3 Ng4 5. Bd2 Qxc5 6. Nh3 g6 7. Ne4 Qc6 8. Bc3 f6 9. Ng3 Bh6 10. e3 Ne5 11.
Nf4 b6 12. h4 Ba6 13. h5 Bxf1 14. Kxf1 Bxf4 15. exf4 Qc4+ 16. Kg1 Nf7 17. Qf3
Nc6 18. b3 Qc5 {Groszpeter,A (2510)-Ostojic,P (2390) Belgrade 1988 1-0 (63)})
4... Nc6 5. Qc4 $146 (5. Qa4 Qxa4 6. Nxa4 Nb4 7. Kd1 Ne4 8. Be3 (8. Nh3 d6 9.
a3 Na6 10. cxd6 Bxh3 11. gxh3 Nxf2+ 12. Ke1 Nxh1 13. d7+ Kxd7 14. Bg2 Kc8 15.
Be3 e5 16. Rd1 Be7 17. Bxb7+ Kxb7 18. Rd7+ Kc6 19. Rxe7 f5 20. Re6+ Kb7 21.
Re7+ Kc6 22. Re6+ Kb7 {Shirazi,K (2403)-Te,R (2280) St Quentin 1999 0-1 (55)})
8... Nd5 9. Ke1 Nxe3 10. fxe3 e6 11. b4 b6 12. c4 bxc5 13. b5 Bb7 14. Nh3 Be7
15. Nf2 Bh4 16. g3 Bf6 17. Bg2 Bxa1 18. Bxe4 Bxe4 19. Nxe4 Ke7 {Adamek,J (2278)
-Poloch,P (2274) Czechia 2010 0-1 (38)}) 5... e6 6. Be3 Nd5 (6... b6 $142 7.
Qb5 Bxc5 8. Bxc5 bxc5 $11) 7. Qa4 $4 {Die beiden verstoßen gerade gegen alles,
was man in Kurt Richters "Mein erstes Schachbuch" lesen kann....} (7. Bd2 Bxc5
8. Nxd5 exd5 $11) 7... Qb4 $4 {Sxe3 !. gibt den Vorteil aus der Hand} (7...
Nxe3 $142 {und Schwarz bekommt die Oberhand} 8. Qxa5 Nxa5 9. fxe3 Bxc5 $17) 8.
Qxb4 $11 Ncxb4 9. O-O-O (9. Nxd5 $142 $5 {ist zu erwägen} Nxd5 10. Bd4 $11)
9... Nxe3 $15 10. fxe3 Bxc5 11. e4 Be3+ (11... Nc6 12. Nf3 $15) 12. Kb1 $15 O-O
(12... a6 13. g3 $15) 13. h4 (13. Nf3 Nc6 $11) 13... f5 (13... a6 14. g4 $15)
14. a3 Nc6 15. exf5 Rxf5 16. g4 {Na ob soviel Frechheit gut ist?.} (16. g3 d5
$11) 16... Rf4 $15 17. Bh3 Ne5 18. g5 {Weiß will den Gegner einengen} (18. Nf3
Nc4 $15) 18... d5 (18... b5 19. Nf3 Nc4 20. Ka2 $15) 19. Bg2 (19. Nf3 Nc4 $11)
19... Bd7 20. Nf3 Ng4 21. Rd3 Bb6 22. Re1 $2 (22. Nd1 $142 $17) 22... Nf2 $19
23. Rd2 (23. Ne5 Nxd3 24. exd3 Bc8 $19) 23... Be3 24. Nxd5 (24. Rd3 Nxd3 25.
exd3 Bf2 $19) 24... Bxd2 25. Nxd2 {Sxf4 ist wohl besser...} (25. Nxf4 Bxf4 26.
Nd4 Be3 $19) 25... exd5 26. Bxd5+ Kh8 27. e4 (27. Bxb7 {ändert nichts am
Ausgang der Partie} Rb8 28. Ba6 Rxh4 $19) 27... Rb8 (27... Bc6 {und Schwarz
hätte es noch leichter} 28. h5 $19) 28. h5 (28. Nc4 {hilft auch nicht mehr}
Rxh4 29. Ka2 Bc6 $19) 28... Bg4 29. h6 Nh3 30. g6 hxg6 31. hxg7+ Kxg7 32. Nc4
Rf2 33. Re3 (33. Nd6 {macht keinen großen Unterschied} b6 $19) 33... Nf4 34.
Ne5 (34. Rg3 {holt die Kuh nicht vom Eis} Nxd5 35. exd5 Bf3 $19) 34... Nxd5 35.
exd5 Bf5 36. Rc3 (36. Nd3 {ist vielleicht ein Schwindelversuch} Rf1+ 37. Ka2
$19) 36... Rxc2 $1 {Hinlenkung: c2.} 37. Rxc2 Rc8 38. d6 (38. Ka2 {ist noch
eine dünne Chance} Rxc2 39. Nf3 $19) 38... Rxc2 39. Ka2 Be6+ 40. Kb1 Rd2 41. b3
Bxb3 42. d7 {Droht Le6} Be6 43. Kc1 Rd5 44. Nc4 Rxd7 45. Ne5 Rc7+ 46. Kd2 Bf5
47. Nf3 Rc4 48. Ke2 Ra4 {Tja... da muss man wohl nichts mehr dazu sagen.} (
48... Ra4 49. Kd2 Rxa3 $19) 0-1

[Event "CB-Emu swiss"]
[Site "?"]
[Date "2017.03.30"]
[Round "2"]
[White "Mondial II, Mephisto"]
[Black "Conquistador, Saitek"]
[Result "1-0"]
[WhiteElo "1800"]
[BlackElo "1500"]
[Annotator "Stockfish 8 (60s)"]
[PlyCount "73"]
[EventDate "2017.??.??"]

{D00: Damenbauernspiele} 1. d4 d5 2. g3 {und da war es aus mit dem Buch bei
Schwarz...} e6 3. Bg2 Bb4+ {und auch der Mondial II muss nun nachdenken.} (3...
g6 4. Nd2 Bg7 5. Ngf3 Nf6 6. c3 O-O 7. Qc2 c5 8. dxc5 a5 9. b4 Na6 10. Rb1 e5
11. Nxe5 Bf5 12. Nd3 Re8 13. Nf3 Ne4 14. Bd2 Qe7 15. Bf1 Qf6 16. Rb3 Naxc5 17.
bxc5 Nxc5 18. Bg5 {Sygulski,A (2410)-Toshkov,T (2460) Jurmala 1987 1/2-1/2 (61)
}) 4. Bd2 $146 {Weiß droht Materialgewinn: Ld2xb4} (4. c3 Be7 5. Be3 Nf6 6. Nd2
O-O 7. Qc2 Ng4 8. Bf4 Bg5 9. Bxg5 Qxg5 10. Ngf3 Qf5 11. e4 dxe4 12. Nxe4 Nc6
13. O-O b6 14. Nh4 Qb5 15. a4 Qc4 16. b3 Nxd4 17. Qd1 Nxb3 18. Qxg4 Kh8 {
Fink,J (1520)-Muckle,R (1220) Worms 2013 1-0 (91)}) 4... Nc6 (4... Be7 5. Nf3
$11) 5. Bxb4 $14 Nxb4 6. Nf3 Nf6 7. Nbd2 O-O 8. c4 dxc4 (8... b6 9. a3 Na6 10.
O-O $11) 9. Nxc4 $14 Ne4 $2 {Hier bewirkt der Springer gar nichts. Besser war
9. ...c5 10. dxc5 Dc7} 10. Nfe5 Nd6 {Für diesen Zug brauchte der Saitek 8 min.
Das zeigt, dass er sich hier gar nicht wohl fühlt.} 11. Qb3 Nxc4 12. Nxc4 ({
Nachteilig ist} 12. Qxc4 Qxd4 13. Qxd4 Nc2+ 14. Kd2 Nxd4 $15) 12... Nd5 13. O-O
{Weiss hat die klar bessere Stellung, während Schwarz noch mit seiner
Entwicklung hadert...} Nf6 (13... Nb6 14. e3 $16) 14. Rfd1 $16 c6 15. Rac1 Qe7
16. Ne5 {Die Spielführung hätte auch von einem Lang-Programm stammen können.
Der Mondial spielt das positionell einwandfrei.} Nd7 17. Nxd7 Qxd7 18. Be4 {
Schluss mit dem Kopieren der positionellen Lang-Programme. Der Mondial wird
ungeduldig.} Qd6 19. Qc2 {Nette Idee, aber leicht abzuwehren. Allerdings hat
Weiss auch nicht wirklich viel Möglichkeiten. Die schwarze Stellung ist zwar
gedrückt, aber eben auch fest.} f5 20. Bg2 Qb4 21. a3 Qa5 22. Qb3 {Und erneut
verhindert die weisse Dame die Läuferentwicklung, die Schwarz mit dem 20. Zug
ermöglichen wollte. Ich hätte allerdings eher 22. e3 gespielt um den
Bauernvorstoß auf f4 zu verhindern.} Rd8 23. a4 Qa6 24. Bf3 {Was will er denn
jetzt da?} Bd7 (24... Qb6 25. Qc3 $16) 25. h3 Rac8 26. e3 Rc7 (26... Qb6 27.
Qa3 $16) 27. d5 $1 {schön gespielt. Der c-Bauer darf nicht nehmen und auf
exd5 folgt 28. Lxd5+} exd5 $4 {der Druck provoziert den entscheidenden Fehler}
(27... cxd5 28. Rxc7 {Ablenkung Fesselung}) (27... exd5 28. Bxd5+ cxd5 (28...
Be6 29. Bxe6+ {Mattangriff}) (28... Kf8 29. Bg8 {Kombination}) (28... Kh8 29.
Be6 {Kombination}) 29. Qxd5+ {Ablenkung Doppelangriff} (29. Rxc7 {Fesselung}))
28. Bxd5+ $1 $18 {Der Saitek hat trotz 7 Minuten Nachdenkens die Konsequenzen
nicht gesehen. Nun geht es langsam bergab. Hätte er im letzten Zug 27. ...Te8
gespielt... nichts wäre passiert..} Kh8 (28... cxd5 29. Qxd5+ {Ablenkung
Doppelangriff} (29. Rxc7 {Fesselung})) 29. Be6 Qa5 $2 {Jetzt ist der
Conquistador sozusagen aus dem Takt...} (29... c5 {lenkt vielleicht noch ab}
30. Qd5 h6 31. Qxf5 Qc6 $18) 30. Rd6 Qb6 (30... Qe5 {wäre gleichermaßen
fruchtlos} 31. Rcd1 $18) 31. Qxb6 axb6 32. Rcd1 Bxe6 (32... g6 {hilft
allerdings auch nicht} 33. Rxd7 Rcxd7 34. Rxd7 Re8 $18) 33. Rxd8+ Bg8 34. Re8 {
Also ich hätte ja eher versucht den letzten schwarzen Turm zum Tausch zu
bewegen und dann die Bauern am Damenflügel abgeräumt. Aber jeder soll auf
seine Art glücklich werden...} (34. R1d7 $142 {und Schwarz kann direkt aufgeben
} Rxd7 35. Rxd7 $18) 34... g6 35. Rdd8 Rg7 36. f3 h5 (36... h6 $18 {ist ein
letzter Strohhalm}) 37. e4 {Die Partie ist gelaufen. Für den nun entstehenden
Freibauern wird sich eine Figur opfern müssen. Damit hat der Mondial gewonnen.
Aber der Saitek hat sich erstaunlich zäh verteidigt. Da habe ich schon weit
schlimmeres gesehen.. . . . .} (37. e4 fxe4 38. fxe4 $18) 1-0